Vegetales en la cosmovisión de los paeces de Tierradentro, Cauca (Registro nro. 15037)

Detalles MARC
000 -CABECERA
Campo de control 003720000a22001210004500
090 ## - CLASIFICACIÓN LOCAL
Colección AS
Consecutivo Seriadas
041 0# - IDIOMA
Código de idioma para texto/pista de sonido o título separado
100 1# - ASIENTO PRINCIPAL--NOMBRE PERSONAL
Nombre personal Hernández Bernal, Ernesto
245 10 - MENCION DE TITULO
Título Vegetales en la cosmovisión de los paeces de Tierradentro, Cauca
700 1# - ASIENTO SECUNDARIO - NOMBRE PERSONAL
Nombre personal Sanabria Diago, Olga Lucía
773 1# - Item fuente:
Título Cespedesia
Especificación de materiales 124
Descripción física 67
Paginas del Articulo 395-404
Lugar, editorial y fecha de publicación 1996
Información sobre la relación 21
942 ## - ELEMENTOS ADICIONALES (KOHA)
Tipo de ítem Artículo

No hay ítems disponibles.